000 00467cam a2200145 4500500
005 20251012010445.0
041 _afre
042 _adc
100 1 0 _aCerf, Juliette
_eauthor
245 0 0 _aJean-Pierre Vernant. Le courage incarné
260 _c2007.
500 _a35
786 0 _nPhilosophie magazine | 11 | 7 | 2007-07-01 | p. 29-30 | 1951-1787
856 4 1 _uhttps://shs.cairn.info/magazine-philosophie-magazine-2007-7-page-29?lang=fr&redirect-ssocas=7080
999 _c1519281
_d1519281